[Event "2BLW 2122 SV 1920 Hofheim - SC Hansa Do"]
[Site "?"]
[Date "2022.03.06"]
[Round "2.4"]
[White "Weber, Ulrich"]
[Black "Sundorf, Jannik"]
[Result "1-0"]
[WhiteElo "2339"]
[BlackElo "2205"]
[PlyCount "47"]
[EventDate "2022.??.??"]

1. Nf3 c5 2. g3 Nc6 3. Bg2 g6 4. e4 Bg7 5. O-O d6 6. h3 e5 7. d3 Nge7 8. c3 O-O
9. a3 a5 10. a4 d5 11. Na3 h6 12. exd5 Nxd5 13. Re1 Re8 14. Qb3 Nc7 15. Nd2 Ne6
16. Ndc4 Qxd3 17. Be3 Ncd4 18. Qa2 Ne2+ 19. Kh2 Nxc3 20. bxc3 Rd8 21. Rad1 Qxc3
22. Nb5 Rxd1 23. Nxc3 Rxe1 24. Bd2 1-0

[Event "2BLW 2122 SV 1920 Hofheim - SC Hansa Do"]
[Site "?"]
[Date "2022.03.06"]
[Round "2.5"]
[White "Wolf, Ulrich Martin"]
[Black "Brendel, Oliver"]
[Result "1/2-1/2"]
[WhiteElo "2144"]
[BlackElo "2344"]
[PlyCount "107"]
[EventDate "2022.??.??"]

1. d4 Nf6 2. Nf3 g6 3. Bg5 Bg7 4. Nbd2 c5 5. e3 b6 6. c3 Bb7 7. Bd3 d6 8. O-O
O-O 9. Re1 e5 10. dxe5 dxe5 11. Nxe5 Nc6 12. Ndf3 Nxe5 13. Nxe5 Qd5 14. Nf3
Rad8 15. Bc2 h6 16. Qxd5 Bxd5 17. Bxf6 Bxf6 18. Red1 Bxf3 19. gxf3 g5 20. a4
Rxd1+ 21. Rxd1 Rd8 22. Rxd8+ Bxd8 23. Kf1 Bc7 24. h3 Kf8 25. Ke2 Bh2 26. f4
gxf4 27. e4 f3+ 28. Kxf3 Ke7 29. Kg4 a5 30. Kf5 Bg1 31. f4 Be3 32. Bd3 Bc1 33.
b3 Bd2 34. c4 Bc3 35. e5 f6 36. Kg6 fxe5 37. f5 e4 38. Bxe4 Bd4 39. Kxh6 Kf6
40. h4 Be5 41. Kh7 Kf7 42. Bd5+ Kf8 43. Kg6 Ke7 44. h5 Bc3 45. Kg5 Be5 46. Be6
Bd4 47. Kf4 Bf6 48. Ke4 Kd6 49. Bc8 Bh8 50. Kf4 Bf6 51. Be6 Ke7 52. Bg8 Kd6 53.
Ke4 Bh8 54. Be6 1/2-1/2

[Event "2BLW 2122 SV 1920 Hofheim - SC Hansa Do"]
[Site "?"]
[Date "2022.03.06"]
[Round "2.6"]
[White "Laux, Dominik"]
[Black "Linker, Walter"]
[Result "1-0"]
[WhiteElo "2228"]
[BlackElo "2053"]
[PlyCount "63"]
[EventDate "2022.??.??"]

1. e4 e5 2. Nf3 Nc6 3. Bc4 Be7 4. O-O Nf6 5. Re1 d6 6. d3 Na5 7. Nbd2 O-O 8. d4
Nxc4 9. Nxc4 exd4 10. Nxd4 Re8 11. Qd3 d5 12. exd5 Qxd5 13. Re5 Qd8 14. Bg5 Ng4
15. Rxe7 Rxe7 16. Nc6 Qxd3 17. Nxe7+ Kf8 18. cxd3 f6 19. Nd5 fxg5 20. Nxc7 Rb8
21. Nd6 Ke7 22. Nxc8+ Rxc8 23. Nd5+ Kd6 24. Nc3 h6 25. Rc1 Re8 26. h3 Ne5 27.
Nb5+ Ke7 28. Rc7+ Kf6 29. Rxb7 Nxd3 30. Nc3 Re1+ 31. Kh2 h5 32. f3 1-0

[Event "2BLW 2122 SV 1920 Hofheim - SC Hansa Do"]
[Site "?"]
[Date "2022.03.06"]
[Round "2.7"]
[White "Krueger, Simon"]
[Black "Daub, Wolfgang"]
[Result "1/2-1/2"]
[WhiteElo "2011"]
[BlackElo "2048"]
[PlyCount "42"]
[EventDate "2022.??.??"]

1. d4 d5 2. Nf3 Nf6 3. c4 e6 4. Nc3 Nbd7 5. Bg5 c6 6. e3 Qa5 7. Nd2 Bb4 8. Qc1
O-O 9. a3 Bxc3 10. Qxc3 Qxc3 11. bxc3 b6 12. cxd5 cxd5 13. Bd3 Bb7 14. f3 Rfe8
15. Kf2 e5 16. a4 Rac8 17. Rhc1 h6 18. Bh4 Rc7 19. Bg3 Nh5 20. Bxe5 Nxe5 21.
dxe5 Rxe5 1/2-1/2

[Event "2BLW 2122 SV 1920 Hofheim - SC Hansa Do"]
[Site "?"]
[Date "2022.03.06"]
[Round "2.8"]
[White "Haack, Kevin"]
[Black "Werner, Patrick"]
[Result "1-0"]
[WhiteElo "2187"]
[BlackElo "1888"]
[PlyCount "50"]
[EventDate "2022.??.??"]

1. c4 c6 2. e4 d5 3. cxd5 cxd5 4. exd5 Nf6 5. Qa4+ Nbd7 6. Nc3 g6 7. Nf3 Bg7 8.
Qb3 O-O 9. Bc4 a6 10. a4 Qa5 11. Qa2 Nc5 12. O-O Bf5 13. Re1 Qc7 14. Ne5 Nfe4
15. d4 Bxe5 16. dxe5 Nxc3 17. bxc3 Ne4 18. d6 exd6 19. e6 Kg7 20. g4 fxe6 21.
gxf5 exf5 22. Bd5 Qe7 23. f3 Ng5 24. Kh1 Nh3 25. Rb1 b5 1-0

[Event "2BLW 2122 SF Neuberg - SG Solingen II"]
[Site "?"]
[Date "2022.03.06"]
[Round "2.1"]
[White "Krastev, Alexander"]
[Black "Lubbe, Nikolas"]
[Result "0-1"]
[WhiteElo "2409"]
[BlackElo "2441"]
[PlyCount "184"]
[EventDate "2022.??.??"]

1. e4 c5 2. Nc3 e6 3. d4 cxd4 4. Qxd4 Nc6 5. Qe3 Nf6 6. Nf3 d5 7. exd5 Nxd5 8.
Nxd5 Qxd5 9. Bd3 Bd6 10. Be4 Qb5 11. Qb3 Qb4+ 12. Qxb4 Nxb4 13. a3 Nc6 14. Be3
Bc7 15. O-O-O e5 16. Rd3 f5 17. Bxc6+ bxc6 18. Rc3 Bd7 19. Bc5 e4 20. Nd4 Bf4+
21. Kb1 Kf7 22. Rb3 Rhb8 23. g3 Rxb3 24. Nxb3 Bc7 25. Rd1 Be8 26. Be3 Bb6 27.
Nc5 g6 28. b4 Bxc5 29. Bxc5 a5 30. Kb2 axb4 31. Bxb4 Ke6 32. Kc3 f4 33. gxf4
Kf5 34. Rd6 h5 35. Kd4 Kxf4 36. Rf6+ Kg4 37. Kxe4 Kh3 38. Bd6 Ra4+ 39. Ke3 c5
40. Rf3+ Kg2 41. Rg3+ Kf1 42. Kd2 h4 43. Re3 Rd4+ 44. Rd3 Rc4 45. f3 Kg2 46. c3
Bc6 47. Ke3 g5 48. Rd2+ Kh3 49. Kd3 Ra4 50. Bxc5 Bxf3 51. Bd6 g4 52. Ke3 Rc4
53. Rd3 Kg2 54. Rd2+ Kh3 55. Kd3 Rc6 56. Be5 Ra6 57. Ra2 Ra5 58. Bf4 Ra4 59.
Bd6 Ra6 60. Bc7 Bd5 61. Ra1 Ra4 62. Bd6 Be4+ 63. Ke3 Bf3 64. Kd3 Ra6 65. Be5
Ra5 66. Bd4 Kxh2 67. c4 h3 68. Ke3 Kg3 69. Bc3 Ra6 70. Be5+ Kh4 71. Kf2 Re6 72.
Bg3+ Kg5 73. Re1 Rb6 74. Re5+ Kf6 75. Rb5 Re6 76. Rb2 Kg6 77. Rd2 Kf7 78. c5
Ra6 79. Rd3 Be4 80. Rd7+ Ke8 81. Rg7 Rf6+ 82. Ke2 Bf3+ 83. Ke3 Ra6 84. Kf4 Bd1
85. Rh7 Rxa3 86. Bh2 Ra2 87. Bg3 Rc2 88. Rh8+ Kd7 89. Rh5 Rc4+ 90. Kg5 Rxc5+
91. Kh4 Rxh5+ 92. Kxh5 h2 0-1

[Event "2BLW 2122 SF Neuberg - SG Solingen II"]
[Site "?"]
[Date "2022.03.06"]
[Round "2.2"]
[White "Lubbe, Melanie"]
[Black "Roseneck, Jonas"]
[Result "1-0"]
[WhiteElo "2301"]
[BlackElo "2376"]
[PlyCount "159"]
[EventDate "2022.??.??"]

1. e4 c5 2. Nf3 d6 3. d4 cxd4 4. Nxd4 Nf6 5. Nc3 Nc6 6. Be2 g6 7. O-O Bg7 8.
Nb3 O-O 9. Bg5 Be6 10. Kh1 h6 11. Bh4 g5 12. Bg3 d5 13. Nc5 dxe4 14. Nxe6 Qxd1
15. Raxd1 fxe6 16. Nb5 h5 17. h3 e3 18. fxe3 Ne4 19. Be1 Rxf1+ 20. Bxf1 Bxb2
21. Bd3 Nc5 22. Be2 h4 23. c3 a6 24. Nd4 Ne4 25. Nxe6 Ne5 26. Bf3 Nxf3 27. gxf3
Nxc3 28. Rd2 Na4 29. Rg2 Rc8 30. Bxh4 Rc1+ 31. Kh2 Ra1 32. Bxg5 Kf7 33. Nd8+
Ke8 34. Nxb7 Bc3 35. Rc2 Rb1 36. Nc5 Nxc5 37. Rxc3 Ne6 38. Bh4 Rb2+ 39. Kg3
Rxa2 40. f4 Kf7 41. f5 Ng7 42. e4 Ra4 43. Kf4 Nh5+ 44. Kf3 Ng7 45. Bg5 Ne8 46.
e5 Ra5 47. Bf4 Ra4 48. Rc8 Ng7 49. e6+ Nxe6 50. fxe6+ Kxe6 51. h4 a5 52. Kg4
Kf7 53. h5 Ra1 54. h6 Rg1+ 55. Kf5 e6+ 56. Ke4 Re1+ 57. Be3 Rh1 58. Rc7+ Kf6
59. Ra7 Rh4+ 60. Bf4 Rh1 61. Rxa5 Re1+ 62. Be3 Rh1 63. Ra2 Rh5 64. Rf2+ Kg6 65.
Rg2+ Kf6 66. Bg5+ Kf7 67. Kf4 Rh1 68. Kg4 Kg6 69. Be3 e5 70. Rg3 Rf1 71. Rh3
Kh7 72. Rf3 Rh1 73. Rf7+ Kg8 74. Rg7+ Kh8 75. Kf5 Rf1+ 76. Kg6 Ra1 77. Rb7 Ra6+
78. Bb6 Ra8 79. Rh7+ Kg8 80. Rd7 1-0

[Event "2BLW 2122 SF Neuberg - SG Solingen II"]
[Site "?"]
[Date "2022.03.06"]
[Round "2.3"]
[White "Halvax, Georg"]
[Black "Bethke, Richard"]
[Result "1/2-1/2"]
[WhiteElo "2407"]
[BlackElo "2327"]
[PlyCount "46"]
[EventDate "2022.??.??"]

1. e4 c5 2. Nf3 d6 3. d4 cxd4 4. Nxd4 Nf6 5. Nc3 a6 6. Be3 e5 7. Nb3 Be6 8. Qd2
Nbd7 9. O-O-O Rc8 10. f4 exf4 11. Bxf4 Ne5 12. h3 Be7 13. g4 b5 14. Qg2 Nfd7
15. Kb1 Rxc3 16. bxc3 Qc7 17. Qg3 Nc5 18. Nxc5 Qxc5 19. Bxe5 dxe5 20. c4 bxc4
21. c3 Bg5 22. Rd5 Qb6+ 23. Ka1 Bxd5 1/2-1/2

[Event "2BLW 2122 SF Neuberg - SG Solingen II"]
[Site "?"]
[Date "2022.03.06"]
[Round "2.4"]
[White "Wahedi, Ahmad Siar"]
[Black "Schlecht, Daniel"]
[Result "1-0"]
[WhiteElo "2284"]
[BlackElo "2380"]
[PlyCount "71"]
[EventDate "2022.??.??"]

1. e4 c6 2. d4 d5 3. e5 Bf5 4. h4 h5 5. Bd3 Bxd3 6. Qxd3 Qa5+ 7. Nd2 e6 8. Ngf3
Nh6 9. c4 Nf5 10. b3 Be7 11. a4 O-O 12. g3 Rd8 13. O-O c5 14. dxc5 Bxc5 15. Kg2
Nc6 16. Qe2 Bb4 17. Ng5 g6 18. Ndf3 Ncd4 19. Nxd4 Nxd4 20. Qe3 Nf5 21. Qf3 Bc3
22. Ra2 Bxe5 23. Rd2 Rd7 24. Rfd1 Rad8 25. b4 Qxa4 26. cxd5 exd5 27. Re1 Bf6
28. Rde2 Re7 29. Rxe7 Bxe7 30. Rxe7 Rd7 31. Re8+ Kg7 32. Qf4 Qc6 33. Qe5+ f6
34. Ne6+ Kf7 35. Rf8+ Ke7 36. Qxf6+ 1-0

[Event "2BLW 2122 SF Neuberg - SG Solingen II"]
[Site "?"]
[Date "2022.03.06"]
[Round "2.5"]
[White "Schaefer, Markus"]
[Black "Schaffer, Hendrik"]
[Result "1/2-1/2"]
[WhiteElo "2375"]
[BlackElo "2256"]
[PlyCount "95"]
[EventDate "2022.??.??"]

1. e4 c5 2. Nf3 d6 3. g3 g6 4. Bg2 Bg7 5. O-O Nc6 6. d3 Nf6 7. Re1 O-O 8. c3
Bd7 9. h3 Ne5 10. Be3 Rc8 11. Qe2 Nxf3+ 12. Qxf3 b5 13. Qe2 a5 14. Nd2 b4 15.
c4 Ne8 16. Rab1 e5 17. f4 f6 18. Nf3 Nc7 19. g4 Qe7 20. f5 Na6 21. Qf2 Rc7 22.
Qg3 g5 23. h4 h6 24. Kf2 Kf7 25. Rh1 Ke8 26. hxg5 hxg5 27. Rh7 Kd8 28. Rbh1 Be8
29. Ke2 Nb8 30. Qe1 Nc6 31. Qd2 Nd4+ 32. Nxd4 cxd4 33. Bf2 Qd7 34. a3 Qa4 35.
axb4 axb4 36. Rc1 Rff7 37. Be1 Rb7 38. Bf3 Bf8 39. Rh8 Bg7 40. Rh1 Bf8 41. Bg3
Ra7 42. Rh8 Bg7 43. Rh7 Rfb7 44. Ke1 Bf8 45. Rh8 Bg7 46. Rh7 Bf8 47. Rh8 Bg7
48. Rh7 1/2-1/2

[Event "2BLW 2122 SF Neuberg - SG Solingen II"]
[Site "?"]
[Date "2022.03.06"]
[Round "2.7"]
[White "Berg, Michael"]
[Black "Bethke, Robert"]
[Result "1/2-1/2"]
[WhiteElo "2304"]
[BlackElo "2074"]
[PlyCount "46"]
[EventDate "2022.??.??"]

1. d4 d5 2. c4 e6 3. Nf3 Nf6 4. g3 Be7 5. Bg2 dxc4 6. Na3 c5 7. O-O O-O 8. Nxc4
Nc6 9. dxc5 Qxd1 10. Rxd1 Bxc5 11. Nfe5 Nxe5 12. Nxe5 a5 13. Bf4 Ra7 14. Rac1
b6 15. Nc6 Rd7 16. Rxd7 Bxd7 17. Nxa5 Ng4 18. Nb3 Bxf2+ 19. Kf1 Be3 20. Rc7 Ba4
21. h3 Bxf4 22. gxf4 Ne3+ 23. Kf2 Nxg2 1/2-1/2

[Event "2BLW 2122 SF Neuberg - SG Solingen II"]
[Site "?"]
[Date "2022.03.06"]
[Round "2.8"]
[White "Drill, Frank"]
[Black "Kniest, Oliver"]
[Result "0-1"]
[WhiteElo "2025"]
[BlackElo "2263"]
[PlyCount "78"]
[EventDate "2022.??.??"]

1. e4 c6 2. d4 d5 3. f3 dxe4 4. fxe4 e5 5. Nf3 Bg4 6. c3 Nd7 7. Nbd2 Ngf6 8.
Bd3 Bd6 9. O-O b5 10. Qe1 O-O 11. Qh4 Bh5 12. Nb3 Bg6 13. Bg5 Re8 14. Rae1 h6
15. Bc1 a5 16. Kh1 a4 17. Nbd2 Qb6 18. Qh3 Rad8 19. Bb1 Bh7 20. a3 Re7 21. dxe5
Nxe5 22. Nxe5 Rxe5 23. Nf3 Rh5 24. Nh4 g5 25. Qf3 Be5 26. Be3 Qc7 27. Nf5 g4
28. Qe2 Bxf5 29. Rxf5 Rxh2+ 30. Kg1 Rh4 31. Ref1 Bh2+ 32. Kh1 Bf4+ 33. Kg1
Bxe3+ 34. Qxe3 Qh2+ 35. Kf2 Rh3 36. Qf4 Rf3+ 37. Qxf3 gxf3 38. Rxf3 Ng4+ 39.
Ke2 Qxg2+ 0-1

[Event "2BLW 2122 SF Neuberg - SC Heimbach-Weis"]
[Site "?"]
[Date "2022.04.30"]
[Round "3.1"]
[White "Livaic, Leon"]
[Black "Lubbe, Nikolas"]
[Result "1/2-1/2"]
[WhiteElo "2560"]
[BlackElo "2446"]
[PlyCount "156"]
[EventDate "2022.??.??"]

1. d4 d5 2. c4 e6 3. Nf3 Nf6 4. g3 Be7 5. Bg2 O-O 6. Nc3 c6 7. O-O a5 8. b3 b6
9. Qd3 Ba6 10. Bb2 b5 11. cxb5 cxb5 12. Nxb5 Nc6 13. a4 Qb6 14. Ne5 Na7 15.
Rfc1 Nxb5 16. axb5 Bxb5 17. Qc2 Rfb8 18. e3 Nd7 19. Ba3 Bxa3 20. Rxa3 Nxe5 21.
dxe5 g6 22. Bf3 Qd8 23. Rca1 Rc8 24. Qb2 h5 25. h4 Bc6 26. Qd2 Rcb8 27. Qc3 Ra6
28. Bd1 Rc8 29. Qd2 Qc7 30. Qd4 Raa8 31. Rc1 Qb8 32. Rc5 Bb5 33. Ra2 Rxc5 34.
Qxc5 a4 35. f4 Qe8 36. Qb4 Rb8 37. Qc3 axb3 38. Bxb3 Bc4 39. Bxc4 dxc4 40. Qxc4
Rb1+ 41. Kh2 Qd7 42. Qe2 Qc6 43. Qg2 Qc1 44. e4 Qe1 45. Re2 Qc3 46. Rf2 Rc1 47.
f5 Qxe5 48. fxg6 f6 49. Ra2 Kg7 50. Qd2 Rc7 51. Qd8 Kxg6 52. Qe8+ Kh6 53. Rf2
Kg7 54. Qd8 Rb7 55. Kh3 Qa1 56. Qd3 Qh1+ 57. Rh2 Qa1 58. Qf3 Qe5 59. Rd2 Rc7
60. Rd8 Rc3 61. Qf2 Ra3 62. Rd4 Kg6 63. Rc4 Rb3 64. Rd4 Ra3 65. Rc4 Rb3 66. Rd4
Kh7 67. Rd7+ Kg6 68. Rd8 Ra3 69. Qe1 Kg7 70. Rd7+ Kg6 71. Rd2 Ra1 72. Qe3 Ra4
73. Re2 Rc4 74. Qf3 Rc3 75. Qg2 Rd3 76. Kh2 Rb3 77. Kh3 Kh7 78. Kh2 Kg6 1/2-1/2

[Event "2BLW 2122 SF Neuberg - SC Heimbach-Weis"]
[Site "?"]
[Date "2022.04.30"]
[Round "3.2"]
[White "Wahedi, Ahmad Siar"]
[Black "Michalik, Peter"]
[Result "0-1"]
[WhiteElo "2287"]
[BlackElo "2581"]
[PlyCount "56"]
[EventDate "2022.??.??"]

1. e4 c5 2. a3 d5 3. exd5 Qxd5 4. Nc3 Qd8 5. Bc4 Nc6 6. Nf3 e6 7. O-O a6 8. Re1
Nf6 9. b3 b5 10. Bf1 Bb7 11. Ne2 Bd6 12. Bb2 O-O 13. a4 Rb8 14. Ng3 Nd4 15.
Nxd4 cxd4 16. axb5 axb5 17. Nh5 Ne4 18. Qg4 g6 19. Ng3 f5 20. Qe2 Ng5 21. Qd3
e5 22. f4 Nf7 23. fxe5 Bxe5 24. Rxe5 Nxe5 25. Qxb5 Re8 26. Qc5 f4 27. Bb5 fxg3
28. Bxe8 Qg5 0-1

[Event "2BLW 2122 SF Neuberg - SC Heimbach-Weis"]
[Site "?"]
[Date "2022.04.30"]
[Round "3.3"]
[White "Krejci, Jan"]
[Black "Schaffer, Hendrik"]
[Result "1-0"]
[WhiteElo "2523"]
[BlackElo "2258"]
[PlyCount "85"]
[EventDate "2022.??.??"]

1. c4 Nf6 2. Nc3 g6 3. e4 d6 4. d4 Bg7 5. h3 O-O 6. Bg5 h6 7. Be3 e5 8. d5 a5
9. Qd2 Kh7 10. g4 Ng8 11. Bd3 Na6 12. Nge2 c6 13. Ng3 Nc5 14. Bc2 cxd5 15. cxd5
Bd7 16. f3 Bf6 17. O-O-O Bg5 18. h4 Bxe3 19. Qxe3 b5 20. g5 b4 21. Nce2 b3 22.
axb3 Qb6 23. Kd2 Rab8 24. Ra1 Nxb3+ 25. Qxb3 Qxb3 26. Bxb3 Rxb3 27. Rxa5 Rxb2+
28. Ke3 Rfb8 29. Rc1 Ne7 30. Rc7 R2b7 31. Ra7 Rxa7 32. Rxa7 Rd8 33. f4 exf4+
34. Nxf4 hxg5 35. hxg5 Kg8 36. Kd4 Kf8 37. e5 dxe5+ 38. Kxe5 Nc8 39. Rc7 Be8
40. Ne4 Nb6 41. Nf6 Nc8 42. Ne6+ fxe6 43. dxe6 1-0

[Event "2BLW 2122 SF Neuberg - SC Heimbach-Weis"]
[Site "?"]
[Date "2022.04.30"]
[Round "3.5"]
[White "Schulz, Klaus-Juergen"]
[Black "Koller, Jens"]
[Result "1-0"]
[WhiteElo "2325"]
[BlackElo "2158"]
[PlyCount "79"]
[EventDate "2022.??.??"]

1. d4 Nf6 2. Nf3 g6 3. c4 Bg7 4. g3 O-O 5. Bg2 d6 6. O-O Nc6 7. Nc3 a6 8. Bf4
Nh5 9. Be3 Rb8 10. Rc1 Bd7 11. c5 dxc5 12. d5 Nd4 13. Nxd4 cxd4 14. Bxd4 c6 15.
Ba7 Rc8 16. Qb3 b5 17. Bc5 Re8 18. Rfd1 Qc7 19. Qa3 Nf6 20. Be3 Qb7 21. b4 cxd5
22. Nxd5 Nxd5 23. Bxd5 Bc6 24. Bxc6 Rxc6 25. Bc5 Rec8 26. Rc2 R6c7 27. Rcd2 Bf6
28. Qe3 a5 29. Qh6 Qa8 30. Bb6 Rc1 31. bxa5 Qe4 32. Rd8+ Rxd8 33. Qxc1 Rxd1+
34. Qxd1 Qc6 35. h4 h5 36. Qd3 b4 37. Be3 Qa4 38. a6 Qxa2 39. a7 Kg7 40. Qe4
1-0

[Event "2BLW 2122 SF Neuberg - SC Heimbach-Weis"]
[Site "?"]
[Date "2022.04.30"]
[Round "3.6"]
[White "Seifert, Christopher"]
[Black "Ronge, Tim"]
[Result "1/2-1/2"]
[WhiteElo "2321"]
[BlackElo "2182"]
[PlyCount "56"]
[EventDate "2022.??.??"]

1. c4 Nf6 2. Nc3 g6 3. g3 Bg7 4. Bg2 O-O 5. d3 c5 6. e4 Nc6 7. Nge2 d6 8. O-O
Rb8 9. h3 Ne8 10. Be3 Nc7 11. d4 b5 12. cxb5 Nxb5 13. dxc5 dxc5 14. Bxc5 Qa5
15. Nd5 Bxb2 16. Nxe7+ Nxe7 17. Bxe7 Re8 18. Rb1 Qxa2 19. Qd5 Qxd5 20. exd5 Be5
21. Bb4 Bf5 22. Rbd1 Bb2 23. Rd2 Be5 24. Rfd1 Nd6 25. Bc5 Nc4 26. Ra2 Nb2 27.
Rd2 Nc4 28. Rd1 Nb2 1/2-1/2

[Event "2BLW 2122 SF Neuberg - SC Heimbach-Weis"]
[Site "?"]
[Date "2022.04.30"]
[Round "3.7"]
[White "Boidman, Yuri"]
[Black "Baranyai-Molnar, Adam"]
[Result "0-1"]
[WhiteElo "2310"]
[BlackElo "1808"]
[PlyCount "112"]
[EventDate "2022.??.??"]

1. e4 c5 2. Nf3 e6 3. Nc3 a6 4. g3 Nc6 5. Bg2 Qc7 6. O-O Nf6 7. d3 d6 8. Ng5 h6
9. Nh3 Be7 10. f4 Nd4 11. Ne2 e5 12. f5 Bd7 13. c4 b5 14. Nxd4 cxd4 15. b3 bxc4
16. bxc4 Rb8 17. Bd2 Qc5 18. a4 Bd8 19. a5 Bc6 20. g4 Nd7 21. g5 hxg5 22. Nxg5
Bxg5 23. Bxg5 f6 24. Bc1 Qa7 25. Bf3 Nc5 26. Bh5+ Ke7 27. Bg6 Nxe4 28. dxe4 d3+
29. Kg2 Bxe4+ 30. Kg3 Qd4 31. Bd2 Bc6 32. Bh5 Qe4 33. Rf2 Be8 34. Qg4 Qxg4+ 35.
Bxg4 Bf7 36. Rc1 Rhc8 37. Bf3 Bxc4 38. Rff1 d5 39. Rg1 Kd6 40. Rb1 Bb3 41. Kf2
Rh8 42. Rxg7 Rxh2+ 43. Ke1 Kc5 44. Be3+ d4 45. Bd2 e4 46. Bg2 e3 47. Bc1 Rxg2
48. Rxg2 Rh8 49. Rg1 Kc4 50. Rb2 Kc3 51. Rbg2 Bc2 52. Rg3 Rh2 53. R1g2 Rh1+ 54.
Rg1 Rxg1+ 55. Rxg1 d2+ 56. Ke2 dxc1=Q 0-1

[Event "2BLW 2122 SF Neuberg - SC Heimbach-Weis"]
[Site "?"]
[Date "2022.04.30"]
[Round "3.8"]
[White "Eull, Emil"]
[Black "Puth, Dieter"]
[Result "0-1"]
[WhiteElo "1909"]
[BlackElo "2227"]
[PlyCount "136"]
[EventDate "2022.??.??"]

1. c4 c5 2. Nc3 Nc6 3. Nf3 Nf6 4. g3 g6 5. Bg2 Bg7 6. O-O O-O 7. d3 d6 8. a3 a6
9. Rb1 Rb8 10. b4 cxb4 11. axb4 b5 12. cxb5 axb5 13. Bd2 d5 14. Bf4 Rb6 15. Ne5
Nxe5 16. Bxe5 d4 17. Bxf6 exf6 18. Ne4 Bb7 19. Nc5 Bxg2 20. Kxg2 Re8 21. Re1
Bf8 22. Qb3 Rc6 23. Rbc1 Bh6 24. Rc2 f5 25. Ra2 Rc7 26. Rea1 Bf8 27. Rc2 Re5
28. Rac1 Rce7 29. Qa2 Qe8 30. Re1 Rc7 31. Rec1 Rce7 32. Re1 h5 33. Qb2 Qd8 34.
Kg1 Rc7 35. Rec1 h4 36. Nb3 Rxc2 37. Rxc2 Rd5 38. Nc5 Be7 39. Qa2 Qd6 40. Nb7
Qe5 41. Na5 Bf6 42. Rc8+ Kg7 43. Rc6 f4 44. gxf4 Qf5 45. Nb7 Qd7 46. Qa6 Qg4+
47. Kf1 Rf5 48. Nd6 Qxf4 49. Nxf5+ Qxf5 50. Qc8 Qe5 51. Qc7 Qd5 52. Ke1 Be5 53.
Qb7 Qh1+ 54. Kd2 Qxh2 55. Qxb5 Bf4+ 56. Kc2 Qxf2 57. Kb3 Qxe2 58. Qc4 Be5 59.
Ra6 h3 60. Ra7 Qf3 61. Qe6 Qxd3+ 62. Ka4 Qc2+ 63. Ka3 Qc3+ 64. Ka2 Bc7 65. Qd7
Qc4+ 66. Ka3 Bf4 67. Ka4 h2 68. Qb7 Bd6 0-1

[Event "2BLW 2122 SV 1920 Hofheim - SV Koblenz"]
[Site "?"]
[Date "2022.04.30"]
[Round "3.1"]
[White "Feller, Sebastien"]
[Black "Bernadskiy, Vitaliy"]
[Result "1-0"]
[WhiteElo "2572"]
[BlackElo "2615"]
[PlyCount "121"]
[EventDate "2022.??.??"]

1. d4 Nf6 2. c4 e6 3. Nf3 b6 4. g3 Bb7 5. Bg2 Bb4+ 6. Bd2 Be7 7. Nc3 c6 8. O-O
d5 9. Bf4 dxc4 10. Ne5 Nd5 11. Nxc4 Nxf4 12. gxf4 Nd7 13. e3 O-O 14. Qe2 Rc8
15. Rfd1 Rc7 16. a3 Nf6 17. Ne5 Nd5 18. Rac1 Qc8 19. Qh5 g6 20. Qh3 Nxc3 21.
Rxc3 c5 22. dxc5 Bxg2 23. Qxg2 Rxc5 24. Rxc5 Qxc5 25. Qe4 Qb5 26. Qc2 Bh4 27.
Kg2 Kg7 28. Rd7 Bf6 29. a4 Qa6 30. Qc4 Qxc4 31. Nxc4 Ra8 32. b4 Kf8 33. b5 Be7
34. Ne5 a6 35. a5 bxa5 36. b6 Rb8 37. Ra7 Ke8 38. b7 Kd8 39. Nc6+ Kc7 40. Nxb8
Kxb8 41. Rxa6 Bb4 42. Rb6 Be7 43. Kf3 a4 44. Ke4 a3 45. Ke5 Bd8 46. Rb3 Be7 47.
Rb1 Bh4 48. Rb3 Be7 49. Rb5 Bf8 50. Rb1 Be7 51. f3 Bd8 52. e4 Ba5 53. Kd4 Bc7
54. Kc5 a2 55. Ra1 Kxb7 56. e5 Bb6+ 57. Kd6 Be3 58. Rxa2 Bxf4 59. Ra4 g5 60.
Rb4+ Kc8 61. Rxf4 1-0

[Event "2BLW 2122 SV 1920 Hofheim - SV Koblenz"]
[Site "?"]
[Date "2022.04.30"]
[Round "3.2"]
[White "Ginsburg, Gennadi"]
[Black "Balog, Imre"]
[Result "0-1"]
[WhiteElo "2405"]
[BlackElo "2587"]
[PlyCount "56"]
[EventDate "2022.??.??"]

1. e4 e6 2. d4 d5 3. Nd2 dxe4 4. Nxe4 Bd7 5. Nf3 Bc6 6. Bd3 Nd7 7. Qe2 Ngf6 8.
Neg5 Qe7 9. Bd2 h6 10. Ne4 O-O-O 11. O-O Nxe4 12. Bxe4 Bxe4 13. Qxe4 g5 14.
Rfe1 Bg7 15. c4 Rhe8 16. Bc3 f5 17. Qc2 g4 18. Nd2 Qf7 19. b4 e5 20. d5 e4 21.
Nb3 h5 22. Nc5 h4 23. Bxg7 Qxg7 24. Qa4 Nxc5 25. bxc5 g3 26. fxg3 hxg3 27. c6
Qd4+ 28. Kh1 Rh8 0-1

[Event "2BLW 2122 SV 1920 Hofheim - SV Koblenz"]
[Site "?"]
[Date "2022.04.30"]
[Round "3.3"]
[White "Sulskis, Sarunas"]
[Black "Womacka, Mathias"]
[Result "0-1"]
[WhiteElo "2509"]
[BlackElo "2423"]
[PlyCount "80"]
[EventDate "2022.??.??"]

1. e4 c5 2. Nf3 d6 3. d4 cxd4 4. Nxd4 Nf6 5. Nc3 a6 6. Bg5 e6 7. f4 h6 8. Bh4
Qb6 9. a3 Nbd7 10. Bf2 Qc7 11. Qf3 b5 12. O-O-O Bb7 13. g4 Nc5 14. Re1 d5 15.
Ndxb5 axb5 16. Bxb5+ Ncd7 17. exd5 Bd6 18. Bc6 O-O 19. Nb5 Bxf4+ 20. Be3 Bxe3+
21. Qxe3 Qb8 22. g5 Nxd5 23. Bxd5 Bxd5 24. gxh6 Qxb5 25. Rhg1 g6 26. Qd4 e5 27.
Rxe5 Qc4 28. Rxd5 Qxd4 29. Rxd4 Ne5 30. Rf1 Kh7 31. a4 Kxh6 32. b3 f5 33. Kb2
Kg5 34. Rd5 Ng4 35. h3 Ne3 36. Rg1+ Kf4 37. Rd4+ Ke5 38. c3 Rad8 39. Rxd8 Rxd8
40. Rxg6 f4 0-1

[Event "2BLW 2122 SV 1920 Hofheim - SV Koblenz"]
[Site "?"]
[Date "2022.04.30"]
[Round "3.4"]
[White "Gurevich, Vladimir"]
[Black "Wiedenkeller, Michael"]
[Result "1/2-1/2"]
[WhiteElo "2466"]
[BlackElo "2426"]
[PlyCount "29"]
[EventDate "2022.??.??"]

1. e4 e5 2. Nf3 Nc6 3. Nc3 Nf6 4. Bb5 Bb4 5. O-O O-O 6. d3 Bxc3 7. bxc3 d6 8.
Bxc6 bxc6 9. h3 h6 10. Be3 Be6 11. a3 c5 12. Nd2 Nd7 13. f4 f5 14. fxe5 Nxe5
15. d4 1/2-1/2

[Event "2BLW 2122 SV 1920 Hofheim - SV Koblenz"]
[Site "?"]
[Date "2022.04.30"]
[Round "3.5"]
[White "Seul, Georg"]
[Black "Zude, Arno"]
[Result "1/2-1/2"]
[WhiteElo "2379"]
[BlackElo "2378"]
[PlyCount "82"]
[EventDate "2022.??.??"]

1. e4 e5 2. Nc3 Nf6 3. Bc4 Nxe4 4. Qh5 Nd6 5. Qxe5+ Qe7 6. Qxe7+ Bxe7 7. Be2 c6
8. d4 b5 9. Nf3 Nf5 10. Bf4 d5 11. a4 b4 12. Na2 f6 13. h4 a5 14. c3 bxc3 15.
bxc3 Bd6 16. Bd2 Kf7 17. Bd3 Be6 18. Nc1 Nd7 19. Ne2 Nb6 20. Bf4 Bxf4 21. Nxf4
Bd7 22. Nd2 Rhe8+ 23. Kd1 g6 24. Nb3 Nd6 25. Nc5 Bg4+ 26. f3 Bf5 27. g4 Bxd3
28. Nfxd3 Nbc4 29. Re1 Ne3+ 30. Kc1 Ng2 31. Rxe8 Rxe8 32. h5 gxh5 33. gxh5 Ne1
34. Rb1 Re3 35. Nxe1 Rxe1+ 36. Kc2 Rxb1 37. Kxb1 Nc4 38. Nd7 Ke7 39. Nc5 h6 40.
Kc2 Nb6 41. Kd3 Nc4 1/2-1/2